Datum a čas kvízu

20 Celkem bodů Celkový počet nahraných bodů na tomto kvízu bez doplňovacích otázek.
11. Pořadí na kvízu Konečné umístění týmu na tomto kvízu.

Zaznamenané odpovědi

# Otázka Odpověď Body Výsledky
1. Ministerstvo dopravy od března... 200 Kč 0
2. Jeden z vystupujících v opeře... spadly mu kalhoty 0
3. Známý americký herec, držitel... Robert de Niro 0
4. Poslední dny se diskutuje o ch... CBD (též HHC) 1
5. Která třicetiletá sportovkyně... Eva Adamczyková (Samková) 0
6. V tomto tématu jsme se probral... bod: D – v hospodě, půlbod: B – na stadionu 1
7. Co na člověku prozradí, že ho... bod: A – zčervená, půlbod: D – má erekci 0
8. Který tanec je sexy? A – lamb... bod: B – tango, půlbod: A – lambada 1
9. Co si berete do postele, když... bod: C – pes, půlbod: D – dítě 1
10. Co děláte v práci, když je šéf... bod: A – normálně pracuji, půlbod: C – nic, flákám se 0.5